00868cas a2200229 a 450000500170000000800410001702200240005802200300008204000350011204100080014704400080015524500230016324600280018626000310021430000430024531000060028832100060029451001990030065000430049965000620054271000340060420170301152750.0950227d19350000-usq p 0 eng d a0006-8101 (impreso) a1874-9372 (electrónico) aCO-BoPUJcCO-BoIAVHdCO-BoIAVH aspa axxu04aBotanical review /13aThe Botanical Review /  aNew YorkbSpringerc1935-. bilustraciones y tablas ; c24 x 16 cm. aq az aBiol. Abstr. Biol & Agr. Ind. Chem. Abstr. Curr. Cont. Field Crop Abstr. Forest Abstr. heminthol. Abstr. herb. Abstr, hort Abstr. Plant Breed. Abstr. Rev. Plant Pathol. Soils & Fert. Need Abstr.26aBotánicavPublicaciones periódicas26aCélulas y tejidos vegetalesvPublicaciones periódicas2 aThe New York Botanical Garden